Τα εθνεγερτικά τραγούδια του Ρήγα Βελενστινλή

Αποθηκεύτηκε σε:
Λεπτομέρειες βιβλιογραφικής εγγραφής
Κύριος συγγραφέας: Δασκαλάκης, Απόστολος Β., 1900-1982
Μορφή: Βιβλίο
Γλώσσα:Greek
Δημοσίευση: Αθήνα : Ε. Γ. Βαγιονάκη, 1977
Θέματα:
Ετικέτες: Προσθήκη ετικέτας
Δεν υπάρχουν, Καταχωρήστε ετικέτα πρώτοι!

MARC

LEADER 00000cam a2200000 i 4500
001 1/98836
008 950320s1977 gr | ||| |||| ||gre||
035 |l 10011077 
040 |a GR-MY-UA  |b gre  |e aacr 
041 0 |a gre 
082 0 |a 889.092 
100 1 |a Δασκαλάκης, Απόστολος Β.,   |d 1900-1982. 
245 1 3 |a Τα εθνεγερτικά τραγούδια του Ρήγα Βελενστινλή /  |c Απ. Β. Δασκαλάκη 
260 |a Αθήνα :   |b Ε. Γ. Βαγιονάκη,   |c 1977 
300 |a 135 σ. 
500 |a Κείμενα, σχόλια και ερμηνευτικαί σημειώσεις 
600 0 0 |a Ρήγας Βελεστινλής,   |d 1757-1798. 
650 0 0 |a Revolutionary literature, Greek (Modern)  |x History and criticism. 
852 |a INST  |b LESVOS  |e 19950320  |h 889.092 ΔΑΣ  |p 005100002225  |q 005100002225  |t BK  |y 0 
909 |a Λ  |b 038179 
970 |z 2000/05/ΟΙΚΟΝΟΜΟΠΟΥΛΟΥ ΧΡΙΣΤΙΝΑ